[Event "Portugal Open 2020"]
[Site "Lisbon"]
[Date "2020.01.30"]
[Round "7.26"]
[White "Veiga, Jose Francisco R P N"]
[Black "Fernandes, Alberto"]
[Result "1-0"]
[WhiteElo "2312"]
[BlackElo "2092"]
[Annotator "TA"]
[PlyCount "89"]
[EventDate "2020.01.25"]
[EventType "swiss"]
[EventCountry "POR"]
[SourceTitle "playchess.com"]
[Source "ChessBase"]
[SourceQuality "1"]

{[%evp 17,89,35,33,37,45,24,36,31,36,23,13,-19,-17,-20,-17,-16,0,3,10,0,0,0,33,33,117,118,124,99,107,92,170,171,155,96,100,93,102,100,253,236,227,94,102,97,121,108,112,72,104,89,195,189,179,183,153,174,650,650,631,614,682,665,1118,1061,2245,2245,1657,1627,29988,29989,29989,29990,29990,29990]} 1. e4 e5 2. Nf3 Nc6 3. Bb5 a6 4. Ba4 Nf6 5. O-O Be7 6. d3 d6 7. c3 b5 8. Bc2 O-O 9. Re1 Re8 10. Nbd2 {C84: Closed Ruy Lopez: Unusual White 6th moves} Bf8 11. Nf1 d5 12. exd5 {White is slightly better.} Nxd5 13. d4 exd4 $1 14. Rxe8 (14. Ng5 {seems wilder.} Nf6 15. Bb3 Rxe1 16. Qxe1 Qe7 17. Bxf7+ Kh8 18. Bd2) 14... Qxe8 15. cxd4 {[#]} g6 $146 ({Predecessor:} 15... h6 16. h3 Bb7 17. a3 Rd8 18. Ng3 g6 19. Ne4 Bg7 20. Nc5 Bc8 21. Bb3 Na5 {1-0 (58) Dobrowolski,P-Dubinski,M Szczawno Zdroj 2018}) 16. Bb3 Nce7 17. Bg5 {White wants to play Bxe7.} Be6 18. Rc1 Bg7 19. Qd2 Rc8 20. Ng3 Nf5 (20... f6 $14) 21. Nxf5 $16 gxf5 22. Rc5 c6 23. Bh6 f4 (23... Bf6 $16) 24. Bxg7 $18 Kxg7 25. Bxd5 (25. h3 $142) 25... Bxd5 $16 26. Qxf4 f6 27. h3 Bxa2 $2 (27... Qe4 $16 28. Qxe4 Bxe4) 28. Rf5 Qe6 {[#]} 29. Rh5 (29. Ne5 $1 $18 Rc7 30. Rg5+ fxg5 31. Qxg5+ Kh8 32. Qd8+ {[%mdl 64] Double Attack} Qg8 33. Qxc7) 29... Bb1 30. Qh6+ ({Don't play} 30. d5 $6 cxd5 31. Rxd5 (31. Nd4 Qd7 $15) 31... Qxd5 $11) 30... Kh8 31. Re5 Qf7 32. Re1 Qg6 33. Qf4 Qf5 {[#]} (33... Rg8 $16 34. Nh4 Qg5 35. Qxg5 fxg5) 34. Qd6 $1 $18 Ba2 35. Nh4 Qg5 36. Re4 $36 {[%mdl 2048] White is really pushing.} h5 $2 (36... f5 37. Rf4 Re8 38. Nxf5 Bd5) 37. Rf4 Rg8 38. g3 Bd5 39. Kh2 a5 40. Rxf6 {Threatening mate with Rh6+.} Kh7 41. Nf5 {Rh6+ would kill now.} Rg6 42. Qe7+ Kh8 43. Rf8+ {White mates.} Bg8 44. Qe5+ Kh7 45. f4 {Accuracy: White = 84%, Black = 51%.} 1-0

[Event "Portugal Open 2020"]
[Site "Lisbon"]
[Date "2020.01.30"]
[Round "7.27"]
[White "Risting, Eivind Olav"]
[Black "Xu, Yang"]
[Result "1/2-1/2"]
[WhiteElo "2306"]
[BlackElo "2359"]
[Annotator "TA"]
[PlyCount "61"]
[EventDate "2020.01.25"]
[EventType "swiss"]
[EventCountry "POR"]
[SourceTitle "playchess.com"]
[Source "ChessBase"]
[SourceQuality "1"]

{[%evp 15,61,46,89,86,89,91,93,71,110,76,75,35,30,24,60,35,61,40,130,117,108,59,58,0,29,29,20,19,96,25,29,0,31,6,0,-12,-8,-32,0,0,12,0,-10,-53,-20,-22,-20,5]} 1. d4 d5 2. Bf4 e6 3. e3 c6 4. Nf3 f5 5. c4 Nf6 6. Nc3 Be7 7. Bd3 O-O 8. Qc2 Bd7 9. h3 {A84: Dutch Defence: 2 c4 Miscellaneous} Na6 10. a3 Ne4 11. g4 {White is better.} Kh8 12. gxf5 exf5 {[#]} 13. cxd5 $146 ({Predecessor:} 13. Ne5 Be6 14. c5 Bh4 15. Rf1 g5 16. Bh2 f4 17. exf4 Bxh3 18. O-O-O Bxf1 19. Rxf1 {1-0 (33) Nagy,G (2392)-Stastny,P (2080) Teplice 2015}) 13... cxd5 14. h4 ({Inferior is} 14. Nxd5 Qa5+ 15. Nc3 Nb4 $1 $17 {[%mdl 512]}) 14... Qa5 {With the idea ...Nb4!} 15. Bxe4 fxe4 16. Ne5 Bf5 {[#]} (16... Be6 $14) 17. Qb3 $1 $16 {[%mdl 64] Double Attack} Bb4 18. Kd2 Bxc3+ $1 19. Qxc3 (19. bxc3 $14 Rac8 20. h5) 19... Qb6 20. b4 Rac8 21. Qb3 Qe6 {[#]} (21... Be6 $11) 22. Rac1 (22. Qa4 $1 $16) 22... Nb8 $1 $11 23. Rhg1 Rxc1 (23... Nd7 {is interesting.} 24. Rxc8 Rxc8 25. h5 h6 26. Qa4 Nxe5 27. Bxe5 Bg4) 24. Kxc1 Nd7 25. Nxd7 Qxd7 26. Qd1 Qc6+ 27. Kb2 g6 28. h5 Rc8 29. Qd2 Qc4 30. hxg6 Bxg6 31. Be5+ {Accuracy: White = 67%, Black = 44%.} 1/2-1/2

[Event "Portugal Open 2020"]
[Site "Lisbon"]
[Date "2020.01.30"]
[Round "7.28"]
[White "Chkhaidze, Nikoloz"]
[Black "Maloberti, David"]
[Result "1/2-1/2"]
[WhiteElo "2288"]
[BlackElo "2017"]
[Annotator "ChessBase"]
[PlyCount "122"]
[EventDate "2020.01.25"]
[EventType "swiss"]
[EventCountry "POR"]
[SourceTitle "playchess.com"]
[Source "ChessBase"]
[SourceQuality "1"]
[TimeControl "5400+30"]

1. e4 {[%emt 0:00:00]} e6 {[%emt 0:00:39]} 2. d4 {[%emt 0:00:00]} d5 {[%emt 0:00:03]} 3. Nc3 {[%emt 0:00:00]} Bb4 {[%emt 0:00:03]} 4. exd5 {[%emt 0:00:00]} exd5 {[%emt 0:00:04]} 5. Bd3 {[%emt 0:00:00]} Nf6 {[%emt 0:01:38]} 6. Nge2 {[%emt 0:00:14]} O-O {[%emt 0:01:53]} 7. O-O {[%emt 0:00:03]} h6 {[%emt 0:00:58]} 8. a3 {[%emt 0:03:52]} Bd6 {[%emt 0:02:27]} 9. Nb5 {[%emt 0:00:29]} Be7 {[%emt 0:00:14]} 10. Bf4 {[%emt 0:00:12]} Na6 {[%emt 0:00:03]} 11. Ng3 {[%emt 0:01:39]} c6 {[%emt 0:00:07]} 12. Nc3 {[%emt 0:00:04]} Bd6 {[%emt 0:05:52]} 13. Bxd6 {[%emt 0:03:38]} Qxd6 {[%emt 0:00:05]} 14. Bxa6 {[%emt 0:00:06]} bxa6 {[%emt 0:00:02]} 15. Na4 {[%emt 0:00:28]} Rb8 {[%emt 0:00:04]} 16. b4 {[%emt 0:00:36]} a5 {[%emt 0:03:50]} 17. c3 {[%emt 0:00:30]} Ne4 {[%emt 0:07:36]} 18. Nxe4 {[%emt 0:00:43]} dxe4 {[%emt 0:00:04]} 19. Nc5 {[%emt 0:00:12]} f5 {[%emt 0:00:07]} 20. f3 {[%emt 0:03:44]} Re8 {[%emt 0:06:41]} 21. fxe4 {[%emt 0:02:37]} fxe4 {[%emt 0:00:05]} 22. Qh5 {[%emt 0:00:24]} Re7 {[%emt 0:03:43]} 23. Rae1 {[%emt 0:00:36]} e3 {[%emt 0:04:56]} 24. Qf3 {[%emt 0:02:15]} Be6 {[%emt 0:01:58]} 25. Qxe3 {[%emt 0:08:29]} Rbe8 {[%emt 0:00:04]} 26. Qe5 {[%emt 0:00:51]} Qd5 {[%emt 0:00:55]} 27. Qxd5 {[%emt 0:08:11]} Bxd5 {[%emt 0:00:35]} 28. Nd3 {[%emt 0:11:01]} Bc4 {[%emt 0:09:49]} 29. Rxe7 {[%emt 0:00:39]} Rxe7 {[%emt 0:00:04]} 30. Re1 {[%emt 0:00:09]} Rxe1+ {[%emt 0:01:20]} 31. Nxe1 {[%emt 0:00:02]} axb4 {[%emt 0:04:37]} 32. axb4 {[%emt 0:00:02]} Kf7 {[%emt 0:04:54]} 33. Kf2 {[%emt 0:00:03]} Ke6 {[%emt 0:00:46]} 34. Ke3 {[%emt 0:00:35]} Kf5 {[%emt 0:03:02]} 35. Nd3 {[%emt 0:00:36]} h5 {[%emt 0:01:15]} 36. Ne5 {[%emt 0:00:20]} Bd5 {[%emt 0:00:17]} 37. g3 {[%emt 0:00:03]} g5 {[%emt 0:03:21]} 38. c4 {[%emt 0:01:14]} Bg2 {[%emt 0:00:25]} 39. Nf7 {[%emt 0:02:17]} Kf6 {[%emt 0:05:30]} 40. Nd6 {[%emt 0:00:31]} Ke6 {[%emt 0:02:48]} 41. Nc8 {[%emt 0:03:47]} a6 {[%emt 0:02:07]} 42. Kd3 {[%emt 0:12:14]} Kf5 {[%emt 0:01:16]} 43. Ke3 {[%emt 0:08:06]} Ke6 {[%emt 0:00:06]} 44. c5 {[%emt 0:13:45]} Kf5 {[%emt 0:07:18]} 45. Ne7+ {[%emt 0:02:51]} Kf6 {[%emt 0:01:00]} 46. Nc8 {[%emt 0:00:03]} Kf5 {[%emt 0:00:03]} 47. Nb6 {[%emt 0:00:26]} Ke6 {[%emt 0:03:07]} 48. h4 {[%emt 0:00:14]} gxh4 {[%emt 0:00:23]} 49. gxh4 {[%emt 0:00:01]} Kf5 {[%emt 0:01:35]} 50. d5 {[%emt 0:06:51]} Bxd5 {[%emt 0:02:24]} 51. Nxd5 {[%emt 0:05:56]} cxd5 {[%emt 0:00:05]} 52. Kd3 {[%emt 0:00:42]} Kf6 {[%emt 0:02:57]} 53. Kd2 {[%emt 0:02:20]} Ke6 {[%emt 0:00:15]} 54. Kc3 {[%emt 0:00:28]} Kd7 {[%emt 0:05:04]} 55. Kb3 {[%emt 0:00:08]} Kc7 {[%emt 0:00:21]} 56. Ka3 {[%emt 0:01:17]} Kc6 {[%emt 0:00:28]} 57. Ka4 {[%emt 0:00:41]} Kb7 {[%emt 0:00:57]} 58. Ka5 {[%emt 0:00:48]} d4 {[%emt 0:01:58]} 59. Ka4 {[%emt 0:00:43]} Kc6 {[%emt 0:00:04]} 60. Kb3 {[%emt 0:00:16]} a5 {[%emt 0:00:01]} 61. bxa5 {[%emt 0:00:39]} Kxc5 {[%emt 0:00:04]} 1/2-1/2

[Event "Portugal Open 2020"]
[Site "Lisbon"]
[Date "2020.01.30"]
[Round "7.29"]
[White "Fidalgo, Andre Neves"]
[Black "Casagrande, Federico"]
[Result "1/2-1/2"]
[WhiteElo "2282"]
[BlackElo "1999"]
[Annotator "ChessBase"]
[PlyCount "60"]
[EventDate "2020.01.25"]
[EventType "swiss"]
[EventCountry "POR"]
[SourceTitle "playchess.com"]
[Source "ChessBase"]
[SourceQuality "1"]
[TimeControl "5400+30"]

1. d4 {[%emt 0:00:00]} Nf6 {[%emt 0:01:54]} 2. c4 {[%emt 0:00:04]} e6 {[%emt 0:00:08]} 3. g3 {[%emt 0:00:09]} Bb4+ {[%emt 0:02:03]} 4. Bd2 {[%emt 0:00:06]} a5 {[%emt 0:02:30]} 5. Nf3 {[%emt 0:00:16]} O-O {[%emt 0:00:12]} 6. Bg2 {[%emt 0:00:15]} d5 {[%emt 0:00:11]} 7. a3 {[%emt 0:03:50]} Be7 {[%emt 0:02:39]} 8. Qc2 {[%emt 0:00:34]} c6 {[%emt 0:00:32]} 9. O-O {[%emt 0:00:12]} Nbd7 {[%emt 0:00:52]} 10. a4 {[%emt 0:03:33]} b6 {[%emt 0:04:43]} 11. cxd5 {[%emt 0:03:42]} cxd5 {[%emt 0:00:11]} 12. Nc3 {[%emt 0:00:05]} Ba6 {[%emt 0:03:16]} 13. Rfc1 {[%emt 0:01:22]} Rc8 {[%emt 0:01:04]} 14. Qd1 {[%emt 0:00:05]} Nb8 {[%emt 0:11:24]} 15. Ne5 {[%emt 0:01:21]} Nfd7 {[%emt 0:01:21]} 16. Nf3 {[%emt 0:02:50]} Nc6 {[%emt 0:03:15]} 17. Nb5 {[%emt 0:00:26]} Nf6 {[%emt 0:03:19]} 18. Bf4 {[%emt 0:00:47]} Nh5 {[%emt 0:05:51]} 19. Bd2 {[%emt 0:20:03]} Nf6 {[%emt 0:04:51]} 20. Bf4 {[%emt 0:05:58]} Nh5 {[%emt 0:00:30]} 21. Bf1 {[%emt 0:09:33]} Nxf4 {[%emt 0:11:25]} 22. gxf4 {[%emt 0:00:43]} Bxb5 {[%emt 0:00:38]} 23. axb5 {[%emt 0:00:06]} Na7 {[%emt 0:00:49]} 24. e3 {[%emt 0:00:37]} Bd6 {[%emt 0:01:32]} 25. Bd3 {[%emt 0:00:26]} Qd7 {[%emt 0:07:36]} 26. Qf1 {[%emt 0:07:23]} Rxc1 {[%emt 0:05:32]} 27. Rxc1 {[%emt 0:00:06]} Rc8 {[%emt 0:00:05]} 28. Ra1 {[%emt 0:12:03]} Rc7 {[%emt 0:05:39]} 29. Qh3 {[%emt 0:01:05]} f5 {[%emt 0:01:20]} 30. Qf1 {[%emt 0:02:25]} Nc8 {[%emt 0:04:01]} 1/2-1/2

[Event "Portugal Open 2020"]
[Site "Lisbon"]
[Date "2020.01.30"]
[Round "7.30"]
[White "Frois, Antonio"]
[Black "Kurylski, Leonardo Tavares"]
[Result "1-0"]
[WhiteElo "2273"]
[BlackElo "1980"]
[Annotator "ChessBase"]
[PlyCount "64"]
[EventDate "2020.01.25"]
[EventType "swiss"]
[EventCountry "POR"]
[SourceTitle "playchess.com"]
[Source "ChessBase"]
[SourceQuality "1"]
[TimeControl "5400+30"]

1. Nf3 b6 {[%emt 0:03:31]} 2. g3 {[%emt 0:00:00]} Bb7 {[%emt 0:00:06]} 3. Bg2 {[%emt 0:00:04]} g6 {[%emt 0:01:32]} 4. O-O {[%emt 0:00:08]} Bg7 {[%emt 0:00:04]} 5. c4 {[%emt 0:00:07]} e5 {[%emt 0:00:34]} 6. Nc3 {[%emt 0:00:52]} Ne7 {[%emt 0:00:18]} 7. d4 {[%emt 0:03:50]} exd4 {[%emt 0:00:17]} 8. Nxd4 {[%emt 0:00:04]} Bxg2 {[%emt 0:00:11]} 9. Kxg2 {[%emt 0:00:04]} Nbc6 {[%emt 0:05:42]} 10. Be3 {[%emt 0:01:02]} O-O {[%emt 0:00:44]} 11. Nxc6 {[%emt 0:05:20]} Nxc6 {[%emt 0:00:19]} 12. Qd2 {[%emt 0:01:05]} Ne5 {[%emt 0:11:18]} 13. b3 {[%emt 0:00:50]} Ng4 {[%emt 0:00:30]} 14. Bd4 {[%emt 0:00:27]} Nf6 {[%emt 0:02:54]} 15. Rad1 {[%emt 0:04:30]} Re8 {[%emt 0:04:21]} 16. Rfe1 {[%emt 0:00:17]} d6 {[%emt 0:01:12]} 17. e4 {[%emt 0:03:16]} Qd7 {[%emt 0:03:14]} 18. f3 {[%emt 0:00:25]} h5 {[%emt 0:00:28]} 19. Qf4 {[%emt 0:08:01]} Nh7 {[%emt 0:15:19]} 20. Bxg7 {[%emt 0:01:25]} Kxg7 {[%emt 0:03:08]} 21. e5 {[%emt 0:00:30]} Rad8 {[%emt 0:00:22]} 22. Re4 {[%emt 0:05:17]} dxe5 {[%emt 0:05:53]} 23. Rxe5 {[%emt 0:01:26]} Qc6 {[%emt 0:00:07]} 24. Nd5 {[%emt 0:00:08]} Nf6 {[%emt 0:00:06]} 25. Rxe8 Rxe8 {[%emt 0:00:20]} 26. Nxc7 {[%emt 0:07:36]} Re2+ {[%emt 0:00:52]} 27. Kf1 {[%emt 0:00:05]} Rxh2 {[%emt 0:01:20]} 28. Rd6 {[%emt 0:00:59]} Qxc7 {[%emt 0:07:07]} 29. Qxf6+ {[%emt 0:00:09]} Kh7 {[%emt 0:01:00]} 30. Rd8 {[%emt 0:00:26]} Qxd8 {[%emt 0:00:02]} 31. Qxd8 {[%emt 0:00:11]} Rxa2 {[%emt 0:00:18]} 32. Qf8 {[%emt 0:00:27]} Ra5 1-0

[Event "Portugal Open 2020"]
[Site "Lisbon"]
[Date "2020.01.30"]
[Round "7.31"]
[White "Grabuzova, Tatiana"]
[Black "Botelho, Luis Miguel Rodrigue"]
[Result "1-0"]
[WhiteElo "2284"]
[BlackElo "1987"]
[Annotator "ChessBase"]
[PlyCount "119"]
[EventDate "2020.01.25"]
[EventType "swiss"]
[EventCountry "POR"]
[SourceTitle "playchess.com"]
[Source "ChessBase"]
[SourceQuality "1"]
[TimeControl "5400+30"]

1. d4 {[%emt 0:06:10]} g6 {[%emt 0:02:15]} 2. e4 {[%emt 0:00:58]} Bg7 {[%emt 0:00:34]} 3. Nf3 {[%emt 0:00:10]} c5 {[%emt 0:00:10]} 4. dxc5 {[%emt 0:00:21]} Qa5+ {[%emt 0:00:24]} 5. c3 {[%emt 0:00:09]} Qxc5 {[%emt 0:00:12]} 6. Na3 {[%emt 0:00:15]} Nf6 {[%emt 0:01:36]} 7. Be3 {[%emt 0:11:20]} Qa5 {[%emt 0:02:01]} 8. e5 {[%emt 0:19:33]} Ng4 {[%emt 0:15:35]} 9. Bd4 {[%emt 0:00:19]} Nc6 {[%emt 0:06:44]} 10. Nc4 {[%emt 0:01:00]} Qd5 {[%emt 0:03:05]} 11. h3 {[%emt 0:05:03]} Nxd4 {[%emt 0:04:52]} 12. Qxd4 {[%emt 0:01:42]} Qxd4 {[%emt 0:01:56]} 13. cxd4 {[%emt 0:01:36]} Nh6 {[%emt 0:01:31]} 14. Bd3 {[%emt 0:00:50]} O-O {[%emt 0:00:53]} 15. O-O {[%emt 0:03:23]} b6 {[%emt 0:08:32]} 16. Be4 {[%emt 0:02:10]} Rb8 {[%emt 0:00:06]} 17. Rfc1 {[%emt 0:01:52]} Ba6 {[%emt 0:00:39]} 18. Ne3 {[%emt 0:01:02]} Bb7 {[%emt 0:11:36]} 19. Bxb7 {[%emt 0:06:09]} Rxb7 {[%emt 0:00:05]} 20. Nd5 {[%emt 0:01:50]} Re8 {[%emt 0:03:41]} 21. Rc8 {[%emt 0:11:23]} Rxc8 {[%emt 0:09:17]} 22. Nxe7+ {[%emt 0:00:06]} Kf8 {[%emt 0:00:11]} 23. Nxc8 {[%emt 0:00:04]} Rc7 {[%emt 0:00:10]} 24. Nd6 {[%emt 0:00:04]} Rc2 {[%emt 0:00:46]} 25. Rd1 {[%emt 0:03:43]} f6 {[%emt 0:00:45]} 26. exf6 {[%emt 0:04:47]} Bxf6 {[%emt 0:00:10]} 27. Ne4 {[%emt 0:00:22]} Bg7 {[%emt 0:01:03]} 28. Rd2 {[%emt 0:03:00]} Rc1+ {[%emt 0:05:04]} 29. Kh2 {[%emt 0:00:07]} Nf5 {[%emt 0:01:03]} 30. g4 {[%emt 0:01:51]} Ne7 {[%emt 0:01:18]} 31. Ne5 {[%emt 0:02:25]} Re1 {[%emt 0:04:24]} 32. Nxd7+ {[%emt 0:02:18]} Ke8 {[%emt 0:07:43]} 33. Ndf6+ {[%emt 0:00:17]} Kf7 {[%emt 0:00:14]} 34. g5 {[%emt 0:00:31]} Nf5 {[%emt 0:00:25]} 35. d5 {[%emt 0:02:27]} h6 {[%emt 0:01:53]} 36. d6 {[%emt 0:03:17]} Bxf6 {[%emt 0:05:22]} 37. Nxf6 {[%emt 0:00:16]} Nxd6 {[%emt 0:01:00]} 38. Rxd6 {[%emt 0:00:15]} hxg5 {[%emt 0:00:04]} 39. Ng4 {[%emt 0:00:26]} Re2 {[%emt 0:00:09]} 40. Rd7+ {[%emt 0:00:17]} Ke6 {[%emt 0:00:11]} 41. Rxa7 {[%emt 0:00:03]} Rxb2 {[%emt 0:00:10]} 42. Rg7 {[%emt 0:00:51]} Kf5 {[%emt 0:00:20]} 43. Rf7+ {[%emt 0:00:19]} Ke4 {[%emt 0:00:36]} 44. Rf6 {[%emt 0:00:16]} b5 {[%emt 0:00:12]} 45. Rxg6 {[%emt 0:00:06]} b4 {[%emt 0:00:30]} 46. Rxg5 {[%emt 0:00:29]} Rxa2 {[%emt 0:00:10]} 47. Rb5 {[%emt 0:00:07]} Rb2 {[%emt 0:00:06]} 48. Kg2 {[%emt 0:00:47]} b3 {[%emt 0:00:57]} 49. h4 {[%emt 0:02:12]} Kd4 {[%emt 0:00:43]} 50. Ne3 {[%emt 0:02:20]} Rb1 {[%emt 0:00:35]} 51. h5 {[%emt 0:00:48]} Kc3 {[%emt 0:00:40]} 52. h6 {[%emt 0:00:43]} Ra1 {[%emt 0:00:15]} 53. h7 {[%emt 0:00:09]} Ra8 {[%emt 0:00:21]} 54. Rb7 {[%emt 0:01:44]} Rh8 {[%emt 0:00:53]} 55. Rc7+ {[%emt 0:01:07]} Kd3 {[%emt 0:00:08]} 56. Nc4 {[%emt 0:00:15]} Kc2 {[%emt 0:01:24]} 57. Na5+ {[%emt 0:00:15]} Kb2 {[%emt 0:00:29]} 58. Kg3 {[%emt 0:01:19]} Ka2 {[%emt 0:00:23]} 59. Nxb3 {[%emt 0:00:05]} Kxb3 {[%emt 0:00:08]} 60. Kg4 {[%emt 0:00:11]} 1-0

[Event "Portugal Open 2020"]
[Site "Lisbon"]
[Date "2020.01.30"]
[Round "7.32"]
[White "Cordeiro, Joao Carlos Santos F"]
[Black "Corbalan Gomez, Juan Jose"]
[Result "0-1"]
[WhiteElo "2005"]
[BlackElo "2243"]
[Annotator "ChessBase"]
[PlyCount "48"]
[EventDate "2020.01.25"]
[EventType "swiss"]
[EventCountry "POR"]
[SourceTitle "playchess.com"]
[Source "ChessBase"]
[SourceQuality "1"]
[TimeControl "5400+30"]

1. e4 {[%emt 0:00:18]} c5 {[%emt 0:02:08]} 2. Nf3 {[%emt 0:00:22]} Nc6 {[%emt 0:00:03]} 3. d4 {[%emt 0:00:14]} cxd4 {[%emt 0:00:06]} 4. Nxd4 {[%emt 0:00:05]} Nf6 {[%emt 0:00:08]} 5. Nc3 {[%emt 0:00:04]} d6 {[%emt 0:00:07]} 6. Bc4 {[%emt 0:03:11]} e6 {[%emt 0:00:34]} 7. Be3 {[%emt 0:01:32]} a6 {[%emt 0:01:39]} 8. Bb3 {[%emt 0:00:27]} Be7 {[%emt 0:01:35]} 9. Qe2 {[%emt 0:01:59]} O-O {[%emt 0:02:07]} 10. O-O-O {[%emt 0:01:32]} Qc7 {[%emt 0:03:46]} 11. Kb1 {[%emt 0:02:35]} Bd7 {[%emt 0:01:23]} 12. f3 {[%emt 0:03:20]} b5 {[%emt 0:01:25]} 13. Qf2 {[%emt 0:33:47]} Nxd4 {[%emt 0:02:43]} 14. Bxd4 {[%emt 0:00:22]} a5 {[%emt 0:00:20]} 15. a4 {[%emt 0:03:16]} Rfb8 {[%emt 0:12:46]} 16. axb5 {[%emt 0:13:48]} Bxb5 {[%emt 0:00:45]} 17. Nxb5 {[%emt 0:00:42]} Rxb5 {[%emt 0:00:07]} 18. Ba4 {[%emt 0:00:55]} Rb4 {[%emt 0:01:09]} 19. b3 {[%emt 0:00:18]} Rab8 {[%emt 0:00:27]} 20. Bb2 {[%emt 0:00:31]} Rxa4 {[%emt 0:01:43]} 21. bxa4 {[%emt 0:03:24]} Qc3 {[%emt 0:00:07]} 22. Kc1 {[%emt 0:01:03]} Qxb2+ {[%emt 0:01:35]} 23. Kd2 {[%emt 0:00:03]} Rc8 {[%emt 0:07:19]} 24. Rc1 {[%emt 0:00:34]} Nxe4+ {[%emt 0:00:35]} 0-1

[Event "Portugal Open 2020"]
[Site "Lisbon"]
[Date "2020.01.30"]
[Round "7.33"]
[White "Hill, Alistair"]
[Black "Ruiz Bellon, Manuel"]
[Result "1-0"]
[WhiteElo "2217"]
[BlackElo "1985"]
[Annotator "ChessBase"]
[PlyCount "75"]
[EventDate "2020.01.25"]
[EventType "swiss"]
[EventCountry "POR"]
[SourceTitle "playchess.com"]
[Source "ChessBase"]
[SourceQuality "1"]
[TimeControl "5400+30"]

1. c4 {[%emt 0:00:20]} Nf6 {[%emt 0:00:00]} 2. Nf3 {[%emt 0:00:05]} e6 {[%emt 0:00:00]} 3. g3 {[%emt 0:00:22]} b6 {[%emt 0:00:02]} 4. Bg2 {[%emt 0:00:04]} Bb7 {[%emt 0:00:59]} 5. O-O {[%emt 0:00:05]} c5 {[%emt 0:00:12]} 6. Nc3 {[%emt 0:00:10]} Be7 {[%emt 0:00:39]} 7. d4 {[%emt 0:00:12]} cxd4 {[%emt 0:02:41]} 8. Qxd4 {[%emt 0:00:07]} Nc6 {[%emt 0:00:11]} 9. Qf4 {[%emt 0:00:06]} d6 {[%emt 0:01:19]} 10. e4 {[%emt 0:00:30]} O-O {[%emt 0:02:00]} 11. Rd1 {[%emt 0:02:53]} Qc8 {[%emt 0:00:36]} 12. b3 {[%emt 0:02:00]} Rd8 {[%emt 0:07:55]} 13. Bb2 {[%emt 0:01:49]} a6 {[%emt 0:04:12]} 14. Rd2 {[%emt 0:10:50]} Qc7 {[%emt 0:09:41]} 15. Rad1 {[%emt 0:00:30]} Nd7 {[%emt 0:03:19]} 16. Qe3 {[%emt 0:11:19]} Nde5 {[%emt 0:07:25]} 17. Ne1 {[%emt 0:00:13]} Ng4 {[%emt 0:02:30]} 18. Qe2 {[%emt 0:00:27]} Nf6 {[%emt 0:01:41]} 19. h3 {[%emt 0:05:15]} Na7 {[%emt 0:11:05]} 20. Rc2 {[%emt 0:06:27]} Nc6 {[%emt 0:03:08]} 21. Kh2 {[%emt 0:03:37]} Nb4 {[%emt 0:08:16]} 22. Rcd2 {[%emt 0:02:26]} e5 {[%emt 0:02:33]} 23. Nc2 {[%emt 0:03:00]} Nxc2 {[%emt 0:06:08]} 24. Rxc2 {[%emt 0:00:05]} Qd7 {[%emt 0:02:33]} 25. Rdc1 {[%emt 0:06:30]} Ne8 {[%emt 0:04:54]} 26. h4 {[%emt 0:00:31]} f5 {[%emt 0:01:23]} 27. Bh3 {[%emt 0:01:12]} g6 {[%emt 0:00:21]} 28. Nd5 {[%emt 0:01:00]} Bxd5 {[%emt 0:07:05]} 29. cxd5 {[%emt 0:00:05]} Rdc8 {[%emt 0:00:17]} 30. exf5 {[%emt 0:03:35]} gxf5 {[%emt 0:01:12]} 31. Rxc8 {[%emt 0:00:07]} Rxc8 {[%emt 0:00:20]} 32. Qxa6 {[%emt 0:00:10]} Rxc1 {[%emt 0:00:28]} 33. Bxc1 {[%emt 0:00:04]} Qc7 {[%emt 0:00:51]} 34. Be3 {[%emt 0:02:35]} f4 {[%emt 0:01:31]} 35. gxf4 {[%emt 0:02:36]} exf4 {[%emt 0:01:22]} 36. Bxb6 {[%emt 0:02:04]} Qc2 {[%emt 0:02:04]} 37. Qa8 {[%emt 0:00:59]} Qg6 {[%emt 0:02:05]} 38. Bd7 {[%emt 0:00:35]} 1-0

[Event "Portugal Open 2020"]
[Site "Lisbon"]
[Date "2020.01.30"]
[Round "7.34"]
[White "Moretti, Filippo"]
[Black "Palozza, Christian"]
[Result "0-1"]
[WhiteElo "1969"]
[BlackElo "2198"]
[Annotator "ChessBase"]
[PlyCount "68"]
[EventDate "2020.01.25"]
[EventType "swiss"]
[EventCountry "POR"]
[SourceTitle "playchess.com"]
[Source "ChessBase"]
[SourceQuality "1"]
[TimeControl "5400+30"]

1. e4 c6 {[%emt 0:00:34]} 2. d4 {[%emt 0:04:24]} d5 {[%emt 0:00:04]} 3. Nc3 {[%emt 0:00:22]} dxe4 {[%emt 0:00:07]} 4. Nxe4 {[%emt 0:00:06]} Nf6 {[%emt 0:00:03]} 5. Nxf6+ {[%emt 0:01:09]} exf6 {[%emt 0:00:05]} 6. Be3 {[%emt 0:01:04]} Be6 {[%emt 0:00:25]} 7. c3 {[%emt 0:02:07]} Bd6 {[%emt 0:00:11]} 8. Bd3 {[%emt 0:00:16]} Nd7 {[%emt 0:00:33]} 9. Qc2 {[%emt 0:01:29]} h5 {[%emt 0:00:50]} 10. Nf3 {[%emt 0:00:40]} Qc7 {[%emt 0:03:21]} 11. h3 {[%emt 0:03:51]} Bf4 {[%emt 0:11:56]} 12. Bxf4 {[%emt 0:02:58]} Qxf4 {[%emt 0:00:01]} 13. Qd2 {[%emt 0:00:51]} Qd6 {[%emt 0:01:29]} 14. b3 {[%emt 0:01:18]} O-O-O {[%emt 0:07:31]} 15. O-O-O {[%emt 0:04:27]} Bd5 {[%emt 0:00:35]} 16. Nh4 g6 {[%emt 0:05:55]} 17. Rhe1 {[%emt 0:08:58]} Rhe8 {[%emt 0:04:07]} 18. g3 {[%emt 0:04:17]} f5 {[%emt 0:06:02]} 19. Bf1 {[%emt 0:03:54]} Nf6 {[%emt 0:05:23]} 20. Bg2 {[%emt 0:08:04]} Rxe1 {[%emt 0:08:09]} 21. Rxe1 {[%emt 0:00:23]} Bxg2 {[%emt 0:00:05]} 22. Nxg2 {[%emt 0:00:10]} c5 {[%emt 0:00:03]} 23. Rd1 {[%emt 0:04:30]} Qc6 {[%emt 0:02:13]} 24. Nf4 {[%emt 0:02:57]} cxd4 {[%emt 0:00:15]} 25. c4 {[%emt 0:02:04]} Qa6 {[%emt 0:11:55]} 26. f3 {[%emt 0:03:19]} Qd6 {[%emt 0:07:09]} 27. Qf2 {[%emt 0:02:39]} h4 {[%emt 0:00:57]} 28. Ne2 {[%emt 0:02:07]} hxg3 {[%emt 0:00:59]} 29. Nxg3 {[%emt 0:01:03]} Qf4+ {[%emt 0:03:26]} 30. Kb1 {[%emt 0:02:49]} Qe3 {[%emt 0:00:45]} 31. Qe2 {[%emt 0:03:47]} f4 {[%emt 0:00:49]} 32. Qxe3 {[%emt 0:00:39]} dxe3 {[%emt 0:00:08]} 33. Rxd8+ {[%emt 0:00:12]} Kxd8 {[%emt 0:00:04]} 34. Ne2 {[%emt 0:00:08]} Nh5 {[%emt 0:00:06]} 0-1